| 000 | 00487nam a2200169Ia 4500 | ||
|---|---|---|---|
| 003 | GCL | ||
| 008 | 140319s9999 xx 000 0 ara d | ||
| 040 |
_aGCL / _cGCL |
||
| 082 | 0 | 4 |
_aط _b818.01 _bت ح |
| 100 | 1 | _aتغريد النجار | |
| 245 | 1 | 0 |
_aحسن والغول / _cتغريد النجار |
| 490 |
_aسلسلة المستقبل الاطفال _v0 |
||
| 650 | 0 | 4 | _aالقصص القصيرة |
| 650 | 0 | 4 | _aالاطفال |
| 650 | 0 | 4 | _aقصص الاطفال |
| 942 |
_2ddc _cBK |
||
| 999 |
_c51429 _d51429 |
||